|
|
|
|
| LEADER |
00000cam a2200000 7i4500 |
| 001 |
0000288058 |
| 005 |
20210519115410.0 |
| 006 |
aa ###g## ### |
| 007 |
t |
| 008 |
210519 si a g## eng |
| 020 |
|
|
|a 9789811224164
|
| 040 |
|
|
|a MBPJ
|b eng
|c MBPJ
|e rda
|
| 090 |
|
|
|a 649.1
|b SOR
|
| 100 |
1 |
|
|a Sor, Fynn ,
|e author
|
| 245 |
0 |
4 |
|a The Happy Learning Book FOR SIBLINGS :
|b 50 Awesome for Siblings to Learn and Play Togerther at Home
|c Fynn Sor
|
| 264 |
|
1 |
|a Singapore :
|b WS Educations
|c 2020
|
| 264 |
|
4 |
|c ©2020
|
| 300 |
|
|
|a 144 pages :
|b color illustrations ;
|c 26 cm.
|
| 336 |
|
|
|a still image
|2 rdacontent
|
| 336 |
|
|
|a text
|2 rdacontent
|
| 337 |
|
|
|a unmediated
|2 rdamedia
|
| 338 |
|
|
|a volume
|2 rdacarrier
|
| 650 |
|
0 |
|a Brothers and sisters
|x Recreation
|
| 650 |
|
0 |
|a Child rearing
|
| 650 |
|
0 |
|a Learning
|
| 650 |
|
0 |
|a Play
|
| 999 |
|
|
|a 00392378
|b BUKU
|c PINJAMAN
|e PERPUSTAKAAN KOMUNITI PETALING JAYA
|